A STUDY OF HORMONAL PROFILE (Record no. 20543)

MARC details
000 -LEADER
fixed length control field 00285nam a22001337a 4500
003 - CONTROL NUMBER IDENTIFIER
control field SGT
082 ## - DEWEY DECIMAL CLASSIFICATION NUMBER
Classification number 612.015
Item number A17G
100 ## - MAIN ENTRY--PERSONAL NAME
Personal name GHANGHAS, URENDER SINGH
245 ## - TITLE STATEMENT
Title A STUDY OF HORMONAL PROFILE
260 ## - PUBLICATION, DISTRIBUTION, ETC. (IMPRINT)
Place of publication, distribution, etc SGTU
Year of Publication 2017
300 ## - PAGE DESCRIPTION
No. of Pages 65
650 ## - SUBJECT ADDED ENTRY--TOPICAL TERM
Topical term or geographic name as entry element BIOCHEMISTRY
942 ## - ADDED ENTRY ELEMENTS (KOHA)
Source of classification or shelving scheme Dewey Decimal Classification
Koha item type Thesis/Dissertation
Holdings
Withdrawn status Lost status Source of classification or shelving scheme Damaged status Not for loan Collection code Home library Current library Shelving location Date acquired Total Checkouts Full call number Accession No. (Barcode) Date last seen Bill Date Koha item type
    Dewey Decimal Classification   Not For Loan MEDICAL SGT Medical Library SGT Medical Library Reference Book 03/10/2020   612.015 A17G DT667 03/10/2020 03/10/2020 Thesis/Dissertation
    Dewey Decimal Classification   Not For Loan MEDICAL SGT Medical Library SGT Medical Library Reference Book 03/10/2020   612.015 A17G DT668 03/10/2020 03/10/2020 Thesis/Dissertation
    Dewey Decimal Classification   Not For Loan MEDICAL SGT Medical Library SGT Medical Library Reference Book 03/10/2020   612.015 A17G DT669 03/10/2020 03/10/2020 Thesis/Dissertation
    Dewey Decimal Classification   Not For Loan MEDICAL SGT Medical Library SGT Medical Library Reference Book 03/10/2020   612.015 A17G DT670 03/10/2020 03/10/2020 Thesis/Dissertation